Statystyki dla Kraje najbardziej narażone na klęski żywiołowe

Kliknij tutaj aby rozwiązać quiz!

Ogólne statystyki

  • Ten quiz został rozwiązany 53 razy
  • Średni wynik to 6 z 20

Statystyki odpowiedzi

MiejscePaństwo% Poprawnych
17.Japonia
98%
3.Filipiny
55%
18.Wietnam
39%
9.Kambodża
33%
5.Bangladesz
31%
16.Fidżi
29%
11.Salwador
29%
1.Vanuatu
29%
20.Jamajka
27%
14.Nikaragua
27%
4.Gwatemala
24%
8.Kostaryka
24%
2.Tonga
24%
6.Wyspy Salomona
24%
7.Brunei
20%
12.Timor Wschodni
20%
10.Papua Nowa Gwinea
18%
15.Gwinea Bissau
10%
13.Mauritius
8%
19.Gambia
4%

Rozkład punktacji

Percentyl według liczby udzielonych odpowiedzi

Procent ludzi z każdym wynikiem

Twoja historia wyników

Nie rozwiązałeś tego quizu